| 000 | 01096nam a2200253Ia 4500 | ||
|---|---|---|---|
| 001 | 17100 | ||
| 003 | GE_BSU | ||
| 008 | 181216s||||||||xx |||||||||||||| ||und|| | ||
| 040 | _cGE_BSU | ||
| 080 | _a371.113(479.22) | ||
| 100 | _aალავერდაშვილი, გიორგი | ||
| 245 | _aმეგობარი, აღმზრდელი | ||
| 245 | _b[ნარკვევი თბილ. კომაროვის სახ. ფიზიკა-მათემატიკური სკოლა-ინტერნატის დირექტორ ვარლამ მელაძეზე | ||
| 245 | _cრედ.გ.ვარდოსანიძე | ||
| 260 | _aთბილისი | ||
| 260 | _bგანათლება | ||
| 260 | _c1971 | ||
| 300 | _a69გვ. : ილ. 1 ფ. პორტ. ; 19სმ. | ||
| 653 | _aმეგობარი, აღმზრდელი | ||
| 653 | _aნარკვევი | ||
| 653 | _aპედაგოგიკა | ||
| 653 | _aსკოლის დირექტორები; | ||
| 942 | _cBK | ||
| 999 |
_c50162 _d50162 |
||